| 000 | 01411cam a2200289 4500 | ||
|---|---|---|---|
| 001 | ##D2557 | ||
| 008 | 090401t1983 xxu||||| |||| 00| 0 eng d | ||
| 035 | _a(Sirsi) u69585 | ||
| 041 | 0 | _aeng | |
| 050 | 0 | 4 | _a692.8 $2 18 |
| 110 | 2 |
_aCommittee of Associations of Specialist Engineering Contractors _92493 |
|
| 245 | 0 | 0 | _aContract manual to the standard forms of building contract, nominated and domestic sub-contracts and nominated suppliers |
| 260 |
_aLondon _bCASEC _c1983 |
||
| 300 |
_a1 _fv. (loose-leaf) _c30cm |
||
| 350 | _a36 | ||
| 520 | _aAims to help all the parties involved understand the provisions of the contracts and subcontracts in the JCT 80 family. | ||
| 650 | 2 | 4 | _aJCT STANDARD FORM OF BUILDING CONTRACT (1980 EDITION) |
| 650 | 2 | 4 | _aJCT STANDARD FORM OF NOMINATIED SUB-CONTRACT TENDER AND AGREEMENT (1980 EDITION) |
| 650 | 2 | 4 | _aJCT STANDARD FORM OF EMPLOYER/NOMINATED SUB-CONTRACTOR AGREEMENT (1980 EDITION) |
| 650 | 2 | 4 | _aJCT STANDARD FORM OF NOMINATION OF SUB-CONTRACTOR WHERE TENDER NSC/1 HAS BEEN USED (1980 EDITION) |
| 650 | 2 | 4 | _aJCT STANDARD FORM OF NOMINATED SUB-CONTRACT (1980 EDITION) |
| 650 | 2 | 4 | _aJCT DOMESTIC SUB-CONTRACT (1980 EDITION) |
| 650 | 2 | 4 | _aJCT STANDARD FORM OF TENDER BY NOMINATED SUPPLIER |
| 690 | _aBUILT ENVIRONMENT-BUILDING CONTRACT FORMS-STANDARD FORMS OF BUILDING CONTRACT-JOINT CONTRACTS TRIBUNAL CONTRACTS | ||
| 942 | _n0 | ||
| 948 | _c04/03/1997 | ||
| 999 |
_c95213 _d95213 |
||